000 00341nam a22001217a 4500
082 _a425
_bOSW/C
100 _aOSWAAL BOOKS
245 _aCBSE QUESTION BANK SOLVED PAPERS 2012-19 ENGLISH CORE
_bCLASS XII
260 _aAGRA
_bOSWAAL BOOKS
_c2019
300 _a328
650 _aENGLISH QUESTIONS AND SOLVED PAPERS FOR CLASS XII
_zINDIA
942 _cBK
999 _c594
_d594